书目信息 |
| 题名: |
十大猪病多病例对照诊治与防控图谱
|
|
| 作者: | 张弥申 , 吴家强 , 张广勇 主编 | |
| 分册: | ||
| 出版信息: | 北京 中国农业科学技术出版社 2013 |
|
| 页数: | 52页 | |
| 开本: | 23cm | |
| 丛书名: | ||
| 单 册: | ||
| 中图分类: | S858.28-64 | |
| 科图分类: | ||
| 主题词: | 猪病--诊疗--图谱 | |
| 电子资源: | ||
| ISBN: | 978-7-5116-1036-2 | |
| 000 | 00961nam0 2200253 450 | |
| 001 | 012015000676 | |
| 005 | 20150914164101.96 | |
| 010 | @a978-7-5116-1036-2@dCNY15.00 | |
| 100 | @a20141216d2013 em y0chiy50 ea | |
| 101 | 0 | @achi |
| 102 | @aCN@b110000 | |
| 105 | @aa z 000yy | |
| 106 | @ar | |
| 200 | 1 | @a十大猪病多病例对照诊治与防控图谱@Ashi da zhu bing duo bing li dui zhao zhen zhi yu fang kong tu pu@f张弥申,吴家强,张广勇主编 |
| 210 | @a北京@c中国农业科学技术出版社@d2013 | |
| 215 | @a52页@d23cm | |
| 330 | @a本书主要内容包括:仔猪水肿病、猪蓝耳病(猪繁殖与呼吸综合征)、猪瘟、猪圆环病毒相关疾病、猪链球菌病、副猪嗜血杆菌病、猪附红细胞体病、仔猪副伤寒、猪弓形体病、钩端螺旋体病等。 | |
| 606 | 0 | @a猪病@x诊疗@j图谱 |
| 690 | @aS858.28-64@v5 | |
| 701 | 0 | @a张弥申@Azhang mi shen@4主编 |
| 701 | 0 | @a吴家强@Awu jia qiang@4主编 |
| 701 | 0 | @a张广勇@Azhang guang yong@4主编 |
| 801 | 0 | @aCN@b碧洲教育@c20150718 |
| 905 | @a10447@f4@dS858.28-64@e119 | |
| 十大猪病多病例对照诊治与防控图谱/张弥申,吴家强,张广勇主编.-北京:中国农业科学技术出版社,2013 |
| 52页;23cm |
| ISBN 978-7-5116-1036-2:CNY15.00 |
| 本书主要内容包括:仔猪水肿病、猪蓝耳病(猪繁殖与呼吸综合征)、猪瘟、猪圆环病毒相关疾病、猪链球菌病、副猪嗜血杆菌病、猪附红细胞体病、仔猪副伤寒、猪弓形体病、钩端螺旋体病等。 |
| ● |
| 相关链接 |
|
|
|
|
正题名:十大猪病多病例对照诊治与防控图谱
索取号:S858.28-64/119
 
预约/预借
| 序号 | 登录号 | 条形码 | 馆藏地/架位号 | 状态 | 备注 |
| 1 | 0848473 | 208484736 | 第二样本阅览室/ [索取号:S858.28-64/119] | 在馆 | |
| 2 | 0848474 | 208484745 | 密集书库-生命科学系/ [索取号:S858.28-64/119] | 在馆 | |
| 3 | 0848475 | 208484754 | 第三借阅区/ [索取号:S858.28-64/119] | 在馆 | |
| 4 | 0848476 | 208484763 | 第三借阅区/ [索取号:S858.28-64/119] | 在馆 |